000
00245nam a22000977a 4500
999
_c
11647
_d
11647
008
191015b ||||| |||| 00| 0 eng d
020
_a
9789352831647
100
_a
Chowdhry
_9
7350
245
_a
Social Sciences-X
260
_a
New Delhi
_b
S Chand
_c
2017